000 00496nam a2200181Ia 4500
008 230917s9999||||xx |||||||||||||| ||und||
020 _cRS 699.00
040 _e5007599
_aMAIN
041 _aEnglish
082 _a347.7 S38I(8)
100 _aSrivastava, Suresh C
245 0 _aIndustrial relations and labour laws
250 _a8th ed.
260 _aNoida
_bVikas Publishing House
_c2022
300 _axlvii, 800 p.
500 _a4764 13/12/2022 IF23/1055 19/01/2023 Main Budget
942 _cBK
999 _c6974
_d6974